000 00571nam a22001577a 4500
008 150120b xxu||||| |||| 00| 0 eng d
020 _a0521287235
020 _a052133683X
050 _aPE1112.M978
100 _aMurphy, Raymond
_914419
245 _aEnglish grammar in use:
_bA self-study reference and practice book for intermediate students With Answers/
_cRaymond Murphy.
260 _aCambridge:
_bCambridge University Press,
_c1985.
300 _aviii, 328p.
_c24 cm.
650 _aEnglish language
_vGrammar- problems, exercises
_914420
942 _2lcc
_cMONOGRAPH
999 _c121824
_d121824